000 00733nam a2200229 i 4500
001 bg
245 0 0 _aNarodowe Fundusze Inwestycyjne :
_bzarządzanie nową strukturą /
_cpod red. Bogdana Wawrzyniaka ; [aut.] Bogdan Wawrzyniak [et al.].
260 _aWarszawa :
_bWydaw. Naukowe PWN,
_c1998.
300 _a239 s. :
_brys., wykr. ;
_c21 cm.
490 1 _aPrzedsiębiorczość
504 _aBibliogr. s. 237-239.
650 9 _aPrywatyzacja
_zPolska
700 1 _aWAWRZYNIAK, Bogdan.
_eRed.
830 _aPrzedsiębiorczość
020 _a8301125594
040 _cBPK
041 0 _apl
080 _a338.246.025.88:334.72:658.115](438)
920 _a83-01-12559-4
942 _cKS
008 s pl f |000 0 pol
999 _c33504
_d33504
856 _uhttp://koha.tu.koszalin.pl/cgi-bin/koha/opac-detail.pl?biblionumber=33504
_yKatalog online BPK